000 00761nam a22001937a 4500
999 _c11546
_d11546
003 OSt
005 20200131104804.0
008 181211b ||||| |||| 00| 0 eng d
022 _a00116009
040 _c0
082 _aDPer 792.805 D19 Mar-Aug 2016 v.90, n.3-8
100 _aBauer, Claudia.
_933114
245 _aTruth or trend?:
_bNew nutrition buzzwords seems to crop up every week. How can you decide what's helpful, what's bogus and what might be harmful?three dietitians help separate fact from fiction/
_cClaudia Bauer.
260 _aNew York:
_bDance Media,
_ccMar 2016 - Aug 2016.
300 _a v. 90, n.3, page 42.
_bcolored illustrations:
_c25 cm.
500 _aDance magazine
650 _aNatural foods
_xPeriodicals
_933115
942 _2ddc
_cPER